| 000 | 01217nam a2200253Ia 4500 | ||
|---|---|---|---|
| 999 |
_c3485 _d3485 |
||
| 003 | OSt | ||
| 005 | 20200415125554.0 | ||
| 008 | 191128t2017 ck a dr 000 j spa d | ||
| 020 | _a9789585944572 | ||
| 040 |
_aCO-JMCR _cCO-JMCR |
||
| 041 | 0 | _aspa | |
| 082 | 0 | 4 |
_aC / _bENZd |
| 100 | 1 |
_aEnzensberger, Hans Magnus, _d1929 _eautor _93047 |
|
| 245 | 1 | 3 |
_aEl diablo de los números : _bun libro para todos aquellos que temen a las matemáticas / _cHans Magnus Enzensberger; diseñado e ilustrado Rotraut Susanne Berner; traducción Carlos Fortea |
| 250 | _aPrimera edición | ||
| 260 |
_aBogotá : _bSiruela, _c©2017 |
||
| 300 |
_a258 páginas : _bilustraciones a color ; _c19 cm. |
||
| 500 | _aIncluye datos biográficos del autor e ilustradora. | ||
| 520 | _aA Robert no le gustan las Matemáticas porque no las acaba de entender. Pero una noche, sueña con un diablillo que pretende iniciarle en la ciencia de los números. Será el comienxo de un novedozo y apasionante recorrido a través del mundo de las Matemática | ||
| 650 |
_aNúmeros en la literatura _xcuentos _93048 |
||
| 700 |
_aSusanne Berner, Rotraut, _eilustradora _93049 |
||
| 700 |
_aFortea, Carlos, _etraducción _93050 |
||
| 942 |
_2ddc _cBK |
||